[Event "SUI-ch U10"]
[Site "Kreuzlingen"]
[Date "2016.06.30"]
[Round "1.1"]
[White "Doetsch-Thaler, Nicos"]
[Black "Gamsa, Clemens"]
[Result "1-0"]
[WhiteElo "1460"]
[BlackElo "1634"]
[PlyCount "121"]
[EventDate "2016.??.??"]

1. e4 c6 2. d4 d5 3. e5 Bf5 4. Nf3 e6 5. c4 c5 6. Qb3 b6 7. Nc3 dxc4 8. Qxc4
Nd7 9. Be3 Rc8 10. Qa4 Qc7 11. Bb5 c4 12. O-O-O a5 13. d5 g6 14. Bxb6 Qb7 15.
Bc6 Bh6+ 16. Nd2 Qxc6 17. dxc6 Nxe5 18. c7+ Kf8 19. Bc5+ Ne7 20. Bxe7+ Kxe7 21.
Qa3+ Ke8 22. Rde1 Nd3+ 23. Kd1 Nxf2+ 24. Ke2 Nxh1 25. Rxh1 Rxc7 26. Qa4+ Kf8
27. Qxa5 Bd3+ 28. Kf3 Re7 29. Nce4 Kg7 30. Qc3+ e5 31. Nxc4 Bxc4 32. Qxc4 f5
33. Nf2 e4+ 34. Ke2 Rd8 35. Rd1 Rxd1 36. Nxd1 Rd7 37. Qc3+ Kf7 38. Ne3 Rd3 39.
Qc4+ Kg7 40. Qc7+ Kg8 41. Qc4+ Kg7 42. Nc2 Rd2+ 43. Ke1 Rxg2 44. a4 Rxh2 45. a5
Bd2+ 46. Kf1 Bxa5 47. Qd4+ Kh6 48. Qe3+ g5 49. Nd4 Rxb2 50. Qa3 Rb1+ 51. Ke2
Re1+ 52. Kf2 e3+ 53. Kg2 Bd2 54. Nxf5+ Kh5 55. Ng3+ Kh4 56. Qa4+ g4 57. Nf5+
Kg5 58. Ng3 e2 59. Qb5+ Kg6 60. Qf5+ Kh6 61. Qf6# 1-0

[Event "SUI-ch U10"]
[Site "Kreuzlingen"]
[Date "2016.06.30"]
[Round "1.2"]
[White "Spichtig, Elija"]
[Black "Zweifel, Gavin"]
[Result "0-1"]
[WhiteElo "1495"]
[BlackElo "1573"]
[PlyCount "148"]
[EventDate "2016.??.??"]

1. e4 c5 2. c3 Nf6 3. e5 Nd5 4. Bc4 Qc7 5. Nf3 Nb6 6. Qb3 Nxc4 7. Qxc4 e6 8. d4
Nc6 9. Be3 cxd4 10. Nxd4 Qxe5 11. Nd2 Qc5 12. Qxc5 Bxc5 13. Nb5 Bxe3 14. Nc7+
Kd8 15. Nxa8 Bc5 16. Ne4 Be7 17. O-O-O d5 18. c4 Bd7 19. cxd5 exd5 20. Rxd5 Kc8
21. Rhd1 Be6 22. Rb5 Kb8 23. Nd6 Bxd6 24. Rxd6 Kxa8 25. Kb1 Rd8 26. Rxd8+ Nxd8
27. Rc5 Kb8 28. Kc2 b6 29. Re5 Nc6 30. Re3 Kc7 31. a3 {(=)} b5 32. Kc3 Ne7 33.
Kb4 Nd5+ 34. Kxb5 Nxe3 35. fxe3 Kd6 36. Ka6 Kc5 37. b4+ Kc4 38. Kxa7 Kb5 39.
Kb8 Ka4 40. Kc7 Bc4 41. Kc6 f5 42. h4 h6 43. g3 Be2 44. Kd6 g5 45. hxg5 hxg5
46. Ke5 Bd3 47. Kf6 g4 48. Kg5 Kxa3 49. b5 Bxb5 50. Kxf5 Bd7+ 51. Ke4 Ka4 52.
Kd5 Kb5 53. e4 Bc6+ 54. Ke5 Kc5 55. Kf4 Bd7 56. Ke5 Kc6 57. Kf6 Kd6 58. e5+ Kd5
59. Ke7 Kxe5 60. Kxd7 Ke4 61. Ke6 Kf3 62. Ke5 Kxg3 63. Ke4 Kf2 64. Kf4 g3 65.
Ke4 g2 66. Kd3 g1=Q 67. Kd2 Qe1+ 68. Kd3 Qe3+ 69. Kc2 Qd4 70. Kb3 Qc5 71. Kb2
Ke2 72. Kb3 Kd3 73. Kb2 Qb4+ 74. Ka1 Kc2 0-1

[Event "SUI-ch U10"]
[Site "Kreuzlingen"]
[Date "2016.06.30"]
[Round "1.4"]
[White "Dueck, Maximilian"]
[Black "Papaux, Steve"]
[Result "0-1"]
[WhiteElo "1357"]
[BlackElo "1478"]
[PlyCount "46"]
[EventDate "2006.??.??"]

1. e4 e5 2. Nf3 Nc6 3. Bb5 a6 4. Ba4 b5 5. Bb3 Nf6 6. O-O Bc5 7. h3 O-O 8. c3
h6 9. d4 exd4 10. cxd4 Bb6 11. Re1 Bb7 12. Bc2 Re8 13. a3 Na5 14. d5 c6 15. e5
Nxd5 16. b4 Nc4 17. Bb3 d6 18. exd6 Rxe1+ 19. Qxe1 Qxd6 20. Qd1 Ne5 21. Nxe5
Qxe5 22. Ra2 Re8 23. Kf1 Qh2 0-1

[Event "SUI-ch U10"]
[Site "Kreuzlingen"]
[Date "2016.06.30"]
[Round "2.1"]
[White "Gamsa, Clemens"]
[Black "Papaux, Steve"]
[Result "1-0"]
[WhiteElo "1634"]
[BlackElo "1478"]
[PlyCount "189"]
[EventDate "2016.??.??"]

1. e4 e5 2. Nf3 Nc6 3. Bc4 Bc5 4. c3 Nf6 5. d4 exd4 6. cxd4 Bb6 7. Bg5 Ba5+ 8.
Nbd2 h6 9. Bxf6 Qxf6 10. e5 Qe7 11. O-O O-O 12. Nb3 d6 13. Nxa5 Nxa5 14. Be2
Re8 15. Re1 Bf5 16. Rc1 Rad8 17. Qa4 b6 18. b4 Bd7 19. Qa3 dxe5 20. Nxe5 c6 21.
h3 Bf5 22. Qf3 Rxd4 23. Qxf5 Qxe5 24. Qxe5 Rxe5 25. bxa5 Rd2 26. Bf3 Rxa5 27.
Rxc6 Raxa2 28. Rf1 Kf8 29. Re1 g6 30. Rf1 Rdb2 31. Rcc1 a5 32. Bd5 Ra3 33. Rb1
Rxb1 34. Rxb1 Rd3 35. Bc6 Rd6 36. Rxb6 Kg7 37. Ra6 a4 38. Bb5 Rxa6 39. Bxa6 Kf6
40. Kf1 Ke5 41. Bc4 f6 42. Ke2 Kd4 43. Bf7 g5 44. Kd2 a3 45. Ba2 Ke4 46. Kc2 f5
47. Kc3 h5 48. Bf7 h4 49. Bh5 a2 50. Kb2 Kd3 51. g3 Kd2 52. Bg6 f4 53. gxh4
gxh4 54. f3 Ke1 55. Bf5 Kf2 56. Bg4 Ke3 57. Kxa2 Kd4 58. Kb2 Kd3 59. Kb3 Kd4
60. Kc2 Kc4 61. Kd2 Kd4 62. Bf5 Ke5 63. Kd3 Kxf5 64. Kd4 Kg5 65. Ke5 Kh5 66.
Kxf4 Kg6 67. Kg4 Kf6 68. Kxh4 Kf5 69. Kg3 Kg5 70. f4+ Kf5 71. h4 Kf6 72. Kg4
Kg6 73. h5+ Kh7 74. Kf5 Kg7 75. Ke6 Kf8 76. Kf6 Kg8 77. Ke7 Kg7 78. h6+ Kxh6
79. f5 Kg5 80. f6 Kf5 81. f7 Ke4 82. f8=Q Kd5 83. Qc8 Kd4 84. Qc6 Kd3 85. Qa4
Kc3 86. Kd6 Kd3 87. Kd5 Ke3 88. Qd4+ Kf3 89. Qe4+ Kf2 90. Qd3 Kg2 91. Qe3 Kf1
92. Qd2 Kg1 93. Ke4 Kh1 94. Kf3 Kg1 95. Qg2# 1-0

[Event "SUI-ch U10"]
[Site "Kreuzlingen"]
[Date "2016.06.30"]
[Round "2.2"]
[White "Kostov, Deyan Samuil"]
[Black "Dueck, Maximilian"]
[Result "1-0"]
[WhiteElo "1693"]
[BlackElo "1357"]
[PlyCount "119"]
[EventDate "2016.??.??"]

1. e4 c5 2. c3 Nc6 3. d4 cxd4 4. cxd4 e5 5. d5 Nd4 6. Nc3 Bc5 7. Nf3 d6 8. Nxd4
Bxd4 9. Bb5+ Bd7 10. Qa4 a6 11. Bxd7+ Qxd7 12. Qxd7+ Kxd7 13. Ke2 Ne7 14. Be3
Bxe3 15. Kxe3 f5 16. f3 f4+ 17. Kd3 g5 18. Rac1 b5 19. Rc2 Rac8 20. Rhc1 Rc4
21. Ne2 Rhc8 22. Rxc4 bxc4+ 23. Rxc4 Rb8 24. b3 h6 25. Nc3 a5 26. Ra4 Ra8 27.
b4 Kc7 28. Rxa5 Rxa5 29. bxa5 Kb7 30. Nb5 Nc8 31. Kc3 h5 32. h3 Ka6 33. Kb4 Kb7
34. a4 h4 35. a6+ Kb6 36. a5+ Kxa6 37. Nc7+ Kb7 38. Ne6 Ne7 39. Nxg5 Ng6 40.
Nf7 Kc7 41. Kb5 Ne7 42. a6 Nc8 43. Nh6 Ne7 44. Nf5 Ng6 45. a7 Kb7 46. Nxd6+
Kxa7 47. Kc6 Kb8 48. Nf5 Kc8 49. d6 Kd8 50. Nh6 Nh8 51. d7 Ke7 52. Kc7 Nf7 53.
Nxf7 Kxf7 54. d8=Q Ke6 55. Qxh4 Kf7 56. Kd7 Kg6 57. Ke6 Kg7 58. Qe7+ Kg8 59.
Kf6 Kh8 60. Qg7# 1-0

[Event "SUI-ch U10"]
[Site "Kreuzlingen"]
[Date "2016.06.30"]
[Round "2.3"]
[White "Zweifel, Gavin"]
[Black "Waser, Timon"]
[Result "0-1"]
[WhiteElo "1573"]
[BlackElo "1443"]
[PlyCount "62"]
[EventDate "2016.??.??"]

1. e4 e5 2. Nf3 Nc6 3. Bc4 Bc5 4. c3 Nf6 5. d4 exd4 6. e5 d5 7. Be2 Nd7 8. cxd4
Bb4+ 9. Nc3 Nf8 10. O-O Ne6 11. Be3 Bd7 12. Nxd5 Bc8 13. Qb3 Ba5 14. Rac1 Bb6
15. Nxb6 axb6 16. d5 Na5 17. Qc2 Qxd5 18. Rfd1 Qc6 19. Qb1 Nc5 20. b4 Qe6 21.
bxc5 bxc5 22. Rxc5 b6 23. Rcd5 Bb7 24. R5d2 Nc6 25. Bb5 O-O 26. Ng5 Qg6 27. Bd3
Qh5 28. Bxh7+ Kh8 29. Rd7 Nxe5 30. Rxc7 Rab8 31. Qf5 Qxd1# 0-1

[Event "SUI-ch U10"]
[Site "Kreuzlingen"]
[Date "2016.06.30"]
[Round "2.4"]
[White "Doetsch-Thaler, Nicos"]
[Black "Spichtig, Elija"]
[Result "0-1"]
[WhiteElo "1460"]
[BlackElo "1495"]
[PlyCount "58"]
[EventDate "2016.??.??"]

1. e4 e5 2. Nf3 Nc6 3. d4 d5 4. Nxe5 dxe4 5. Bb5 Rb8 6. Nxc6 bxc6 7. Bxc6+ Bd7
8. Bxe4 Nf6 9. Nc3 Bb4 10. Qe2 O-O 11. a3 Bxc3+ 12. bxc3 Nxe4 13. Qe3 Re8 14.
Qf4 Ng3+ 15. Be3 Nxh1 16. O-O-O Qf6 17. Qxc7 Ba4 18. Qxa7 Nxf2 19. Rd2 Ne4 20.
Rd3 Qb6 21. Qxb6 Rxb6 22. d5 Rb5 23. c4 Rb7 24. d6 Reb8 25. Kd1 Rb2 26. d7
Bxc2+ 27. Ke1 Bxd3 28. c5 Rb1+ 29. Bc1 Rxc1# 0-1

[Event "SUI-ch U10"]
[Site "Kreuzlingen"]
[Date "2016.07.01"]
[Round "3.1"]
[White "Spichtig, Elija"]
[Black "Gamsa, Clemens"]
[Result "0-1"]
[WhiteElo "1495"]
[BlackElo "1634"]
[PlyCount "70"]
[EventDate "2016.??.??"]

1. e4 c6 2. Nf3 d5 3. Nc3 d4 4. Nb1 c5 5. Bc4 Bg4 6. Ne5 Be6 7. Bxe6 fxe6 8. d3
g6 9. Qg4 Qb6 10. O-O Nf6 11. Qf3 Bg7 12. Na3 O-O 13. Nac4 Qa6 14. Qg3 b5 15.
Nd2 Nbd7 16. Ndf3 Nxe5 17. Nxe5 Nh5 18. Qh4 Bxe5 19. Bh6 Rf7 20. f4 Bg7 21.
Bxg7 Nxg7 22. Rf3 Raf8 23. Raf1 Ne8 24. Rh3 Rg7 25. a3 Nf6 26. f5 e5 27. fxg6
Rxg6 28. Rf5 Qe6 29. Rg5 Rxg5 30. Qxg5+ Kh8 31. Qh6 Qf7 32. b4 Ng4 33. Rf3 Nxh6
34. Rxf7 Rxf7 35. h3 cxb4 0-1

[Event "SUI-ch U10"]
[Site "Kreuzlingen"]
[Date "2016.07.01"]
[Round "3.3"]
[White "Dueck, Maximilian"]
[Black "Zweifel, Gavin"]
[Result "0-1"]
[WhiteElo "1357"]
[BlackElo "1573"]
[PlyCount "64"]
[EventDate "2016.??.??"]

1. e4 c5 2. Nf3 d6 3. d4 cxd4 4. Nxd4 Nf6 5. Nc3 a6 6. Bg5 e6 7. f4 Qc7 8. Qf3
Nc6 9. Nb3 Be7 10. O-O-O O-O 11. g4 b5 12. a3 Bb7 13. Bg2 Qb6 14. e5 dxe5 15.
fxe5 Nd5 16. Bxe7 Ncxe7 17. Rd2 Rab8 18. Rhd1 Rfc8 19. Nxd5 Nxd5 20. Rd3 Nb4
21. Qf1 Nxd3+ 22. Rxd3 Qc7 23. Rc3 Bxg2 24. Qxg2 Qxe5 25. Kb1 Qe1+ 26. Ka2 Rxc3
27. bxc3 Qxc3 28. Na1 h6 29. h3 b4 30. a4 Rd8 31. h4 Qa3+ 32. Kb1 Rd1# 0-1

[Event "SUI-ch U10"]
[Site "Kreuzlingen"]
[Date "2016.07.01"]
[Round "3.4"]
[White "Papaux, Steve"]
[Black "Kostov, Deyan Samuil"]
[Result "0-1"]
[WhiteElo "1478"]
[BlackElo "1693"]
[PlyCount "148"]
[EventDate "2016.??.??"]

1. e4 c5 2. Nf3 e6 3. d4 cxd4 4. Nxd4 Nf6 5. Bg5 Nc6 6. Bb5 Be7 7. Nc3 O-O 8.
O-O Nxe4 9. Nxe4 Bxg5 10. Nd6 Be7 11. Nf3 Bxd6 12. Qxd6 Qe7 13. Qxe7 Nxe7 14.
Ne5 d5 15. Rfe1 Ng6 16. c4 Nxe5 17. Rxe5 a6 18. Ba4 dxc4 19. Rc1 b5 20. Bd1 Bb7
21. b3 cxb3 22. axb3 Rac8 23. Rec5 Rxc5 24. Rxc5 Rc8 25. Rxc8+ Bxc8 26. Kf1 Bb7
27. g3 Kf8 28. Ke2 Ke7 29. Kd3 Bd5 30. Kd4 Kd6 31. b4 f6 32. Bc2 e5+ 33. Kc3 h6
34. Bf5 Bb7 35. Kd3 Kc6 36. Kc3 Kb6 37. Kb3 Bd5+ 38. Kc3 a5 39. Bd3 a4 40. Kb2
e4 41. Be2 g6 42. h4 f5 43. h5 g5 44. Bd1 g4 45. Bc2 Bf7 46. Bb1 Bxh5 47. Ba2
Bg6 48. Kc3 h5 49. Kd2 f4 50. gxf4 h4 51. Ke1 g3 52. fxg3 h3 53. Kf1 e3 54. Bd5
a3 55. Kg1 e2 56. Kf2 h2 57. Kxe2 a2 58. Bxa2 h1=Q 59. Kf2 Qh2+ 60. Kf3 Qxa2
61. g4 Qb3+ 62. Kf2 Qxb4 63. Ke3 Qe4+ 64. Kf2 Qxf4+ 65. Ke2 Qxg4+ 66. Ke3 Qe4+
67. Kf2 b4 68. Kg3 b3 69. Kf2 b2 70. Kg3 b1=R 71. Kf2 Rb2+ 72. Kg3 Rb3+ 73. Kf2
Qc2+ 74. Ke1 Rb1# 0-1

[Event "SUI-ch U10"]
[Site "Kreuzlingen"]
[Date "2016.07.01"]
[Round "4.1"]
[White "Gamsa, Clemens"]
[Black "Kostov, Deyan Samuil"]
[Result "0-1"]
[WhiteElo "1634"]
[BlackElo "1693"]
[PlyCount "64"]
[EventDate "2016.??.??"]

1. e4 c5 2. Na3 e6 3. c3 Nf6 4. e5 Nd5 5. g3 Nc6 6. f4 d6 7. d4 cxd4 8. cxd4
dxe5 9. dxe5 Bxa3 10. bxa3 Qa5+ 11. Qd2 Qxd2+ 12. Bxd2 Ke7 13. Bg2 Rd8 14. Rc1
f6 15. exf6+ gxf6 16. Be4 f5 17. Bf3 Nd4 18. Bg2 Bd7 19. Bb4+ Nxb4 20. axb4 Bc6
21. Bxc6 Nxc6 22. Rb1 Rd3 23. Ne2 Rad8 24. O-O Rd2 25. Nc3 Rc2 26. Rfc1 Rdd2
27. Rxc2 Rxc2 28. Rb3 Nd4 29. Ra3 Rxc3 30. Rxa7 Rc7 31. a4 Nc6 32. Ra8 Nxb4 0-1

[Event "SUI-ch U10"]
[Site "Kreuzlingen"]
[Date "2016.07.01"]
[Round "4.2"]
[White "Zweifel, Gavin"]
[Black "Papaux, Steve"]
[Result "1-0"]
[WhiteElo "1573"]
[BlackElo "1478"]
[PlyCount "79"]
[EventDate "2016.??.??"]

1. e4 e5 2. Nf3 Nc6 3. Bc4 Bc5 4. c3 Nf6 5. d4 exd4 6. e5 Qe7 7. cxd4 Bb4+ 8.
Bd2 Bxd2+ 9. Qxd2 d5 10. Bb3 Ne4 11. Qe3 Be6 12. O-O O-O 13. Nc3 Bg4 14. Nxd5
Qe8 15. Qxe4 f5 16. Qf4 Kh8 17. Nxc7 Qd7 18. Nxa8 Rxa8 19. d5 Bxf3 20. gxf3 Ne7
21. Rad1 Ng6 22. e6 Qd8 23. Qb4 Nh4 24. e7 Qc7 25. Qxh4 Qd6 26. Rfe1 Qg6+ 27.
Qg3 Qe8 28. d6 Qd7 29. Be6 Qe8 30. Bxf5 g6 31. Qe5+ Kg8 32. Be6+ Qf7 33. Bxf7+
Kxf7 34. e8=Q+ Rxe8 35. Qxe8+ Kf6 36. d7 Kf5 37. d8=Q b5 38. Re5+ Kf4 39. Qd4+
Kxf3 40. Qf7# 1-0

[Event "SUI-ch U10"]
[Site "Kreuzlingen"]
[Date "2016.07.01"]
[Round "4.3"]
[White "Doetsch-Thaler, Nicos"]
[Black "Dueck, Maximilian"]
[Result "1-0"]
[WhiteElo "1460"]
[BlackElo "1357"]
[PlyCount "71"]
[EventDate "2016.??.??"]

1. e4 c5 2. Nf3 d6 3. d4 cxd4 4. Nxd4 Nf6 5. Nc3 a6 6. Be3 e5 7. Nb3 Be6 8. f3
Nbd7 9. Qd2 Be7 10. O-O-O b5 11. h4 h6 12. g4 Nh7 13. h5 O-O 14. Rg1 Rc8 15.
Bd3 Ng5 16. Rdf1 Nh7 17. Nd5 Bxd5 18. exd5 Bg5 19. f4 exf4 20. Bxf4 Qc7 21. c3
b4 22. Bxa6 Ra8 23. Bd3 Rxa2 24. Kb1 Raa8 25. cxb4 Qb6 26. Bxh7+ Kxh7 27. Bxg5
hxg5 28. Qxg5 Qxb4 29. Qf5+ g6 30. hxg6+ fxg6 31. Qxd7+ Kg8 32. Qe6+ Kh8 33.
Qxg6 Rxf1+ 34. Rxf1 Qxb3 35. Rh1+ Qh3 36. Rxh3# 1-0

[Event "SUI-ch U10"]
[Site "Kreuzlingen"]
[Date "2016.07.01"]
[Round "4.4"]
[White "Spichtig, Elija"]
[Black "Waser, Timon"]
[Result "1/2-1/2"]
[WhiteElo "1495"]
[BlackElo "1443"]
[PlyCount "79"]
[EventDate "2016.??.??"]

1. e4 e5 2. Nf3 Nc6 3. Bc4 Bc5 4. b4 Bxb4 5. c3 Ba5 6. d4 Qe7 7. Ba3 d6 8. Qa4
exd4 9. Nxd4 Qxe4+ 10. Ne2 Bd7 11. Bxf7+ Kxf7 12. Qxe4 Nf6 13. Qc2 Rhe8 14. O-O
Re5 15. Ng3 Rae8 16. Nd2 b5 17. Nf3 Rd5 18. c4 Nd4 19. Nxd4 Rxd4 20. cxb5 Bxb5
21. Rfd1 Ba4 22. Qb2 Bxd1 23. h3 Rd3 24. Kh2 Bc3 25. Rxd1 Bxb2 26. Rxd3 Bxa3
27. Rxa3 Ra8 28. Nf5 a6 29. Nd4 Nd7 30. Nc6 Nc5 31. f3 Ke8 32. Kg3 Kd7 33. Nd4
c6 34. Kf4 Ne6+ 35. Ke4 Nxd4 36. Kxd4 a5 37. g4 Ke6 38. Re3+ Kf6 39. f4 Rb8 40.
f5 1/2-1/2

[Event "SUI-ch U10"]
[Site "Kreuzlingen"]
[Date "2016.07.02"]
[Round "5.1"]
[White "Waser, Timon"]
[Black "Gamsa, Clemens"]
[Result "1/2-1/2"]
[WhiteElo "1443"]
[BlackElo "1634"]
[PlyCount "92"]
[EventDate "2016.??.??"]

1. e4 c5 2. Nf3 e6 3. Nc3 Nc6 4. d3 Be7 5. b3 d5 6. Bb2 d4 7. Ne2 e5 8. Nd2 b5
9. a4 b4 10. Nc4 f6 11. f3 Nh6 12. g4 Be6 13. Nd2 g6 14. h4 f5 15. g5 Nf7 16.
Bh3 Qd7 17. Ng3 fxe4 18. Bxe6 Qxe6 19. fxe4 Kd7 20. Qe2 Rhf8 21. O-O-O Nd6 22.
Ndf1 Rf4 23. Kb1 Raf8 24. Qg2 Kc7 25. Bc1 Rf2 26. Qh3 Qf7 27. Rg1 Na5 28. Nh2
Qg8 29. Rd2 Rxd2 30. Bxd2 Rf2 31. Rg2 Rxg2 32. Qxg2 Nxb3 33. Kb2 Nxd2 34. Qxd2
Qe8 35. Kb3 Nb7 36. Ng4 Na5+ 37. Kb2 Kd6 38. Qc1 Qxa4 39. Qa1 Qxa1+ 40. Kxa1
Nc6 41. Ka2 a5 42. Kb3 Ke6 43. Ne2 Kd6 44. Ka4 Kc7 45. Nc1 Kb6 46. Nb3 Bd8
1/2-1/2

[Event "SUI-ch U10"]
[Site "Kreuzlingen"]
[Date "2016.07.02"]
[Round "5.2"]
[White "Dueck, Maximilian"]
[Black "Spichtig, Elija"]
[Result "0-1"]
[WhiteElo "1357"]
[BlackElo "1495"]
[PlyCount "38"]
[EventDate "2016.??.??"]

1. e4 e5 2. Nf3 Nc6 3. Bb5 Nf6 4. O-O Bc5 5. c3 a6 6. Ba4 b5 7. Bc2 O-O 8. d4
exd4 9. cxd4 Bb6 10. Qd3 Nb4 11. Qe2 Bb7 12. e5 Re8 13. Qd2 Nxc2 14. exf6 Nxa1
15. b3 Qxf6 16. Bb2 Bxf3 17. gxf3 Re6 18. Kh1 Qxf3+ 19. Kg1 Rg6+ 0-1

[Event "SUI-ch U10"]
[Site "Kreuzlingen"]
[Date "2016.07.02"]
[Round "5.3"]
[White "Papaux, Steve"]
[Black "Doetsch-Thaler, Nicos"]
[Result "0-1"]
[WhiteElo "1478"]
[BlackElo "1460"]
[PlyCount "108"]
[EventDate "2016.??.??"]

1. e4 e5 2. Nf3 Nc6 3. Bc4 Bc5 4. c3 Nf6 5. d4 exd4 6. cxd4 Bb6 7. Nc3 h6 8.
O-O d6 9. h3 Bd7 10. Re1 O-O 11. Bf4 Ba5 12. d5 Ne7 13. e5 dxe5 14. Bxe5 Ng6
15. a3 Re8 16. b4 Bb6 17. Bxf6 Qxf6 18. Ne4 Qd8 19. d6 Bc6 20. Nc5 Rxe1+ 21.
Qxe1 cxd6 22. Ne4 d5 23. Rd1 Nf4 24. Nc3 d4 25. Qe5 Bxf3 26. Bxf7+ Kxf7 27.
Qxf4+ Qf6 28. Qxf6+ gxf6 29. Nb5 Bxd1 30. Kf1 Ke6 31. Ke1 Ba4 32. Nxd4+ Bxd4
33. f3 Bc3+ 34. Ke2 Rg8 35. g4 Bd4 36. Kd3 Rd8 37. Ke4 Bc6+ 38. Kd3 Bxf3 39. a4
f5 40. gxf5+ Kxf5 41. b5 Kf4 42. a5 Kg3 43. Kc4 Kxh3 44. Kb4 b6 45. Ka4 h5 46.
axb6 axb6 47. Kb3 Kg3 48. Kc2 h4 49. Kd2 h3 50. Kd3 h2 51. Kc4 h1=Q 52. Kb4 Qc1
53. Kb3 Qc3+ 54. Ka4 Bd1# 0-1

[Event "SUI-ch U10"]
[Site "Kreuzlingen"]
[Date "2016.07.02"]
[Round "5.4"]
[White "Kostov, Deyan Samuil"]
[Black "Zweifel, Gavin"]
[Result "1/2-1/2"]
[WhiteElo "1693"]
[BlackElo "1573"]
[PlyCount "91"]
[EventDate "2016.??.??"]

1. e4 c5 2. c3 Nf6 3. e5 Nd5 4. d4 cxd4 5. Nf3 e6 6. cxd4 d6 7. a3 Be7 8. Bd3
Nc6 9. O-O O-O 10. Qe2 f5 11. Bc4 Nb6 12. Ba2 d5 13. Nc3 a6 14. Be3 Kh8 15. Qd2
Rg8 16. Bg5 Bd7 17. Rad1 Na5 18. Bxe7 Qxe7 19. Nxd5 Nxd5 20. Bxd5 exd5 21. Qxa5
Bb5 22. Rfe1 Qe6 23. Qc7 Rgc8 24. Qd6 Qxd6 25. exd6 Re8 26. Ne5 Kg8 27. Rc1
Rad8 28. d7 Bxd7 29. Nxd7 Rxe1+ 30. Rxe1 Rxd7 31. Rc1 Re7 32. Kf1 Re4 33. Rd1
Kf7 34. f3 Rh4 35. h3 Rh6 36. Rc1 Rc6 37. Rxc6 bxc6 38. Ke2 f4 39. Kf2 Ke6 40.
g4 g5 41. Ke2 Kd6 42. b4 Kc7 43. Kd3 Kb7 44. Kc3 Kb6 45. a4 Kc7 46. a5 1/2-1/2

[Event "SUI-ch U10"]
[Site "Kreuzlingen"]
[Date "2016.07.02"]
[Round "6.1"]
[White "Gamsa, Clemens"]
[Black "Zweifel, Gavin"]
[Result "1/2-1/2"]
[WhiteElo "1634"]
[BlackElo "1573"]
[PlyCount "118"]
[EventDate "2016.??.??"]

1. e4 c5 2. d3 Nc6 3. Nd2 Nf6 4. g3 d5 5. Ngf3 e6 6. Bg2 Bd6 7. O-O O-O 8. Re1
dxe4 9. Nxe4 Nxe4 10. Rxe4 b5 11. Be3 Bb7 12. Rg4 Kh8 13. d4 Qb6 14. dxc5 Bxc5
15. Bxc5 Qxc5 16. Nd4 Rad8 17. c3 e5 18. Rc1 Qb6 19. Bxc6 Bxc6 20. Qe2 exd4 21.
cxd4 Qb7 22. Rh4 Bh1 23. Qf1 Rc8 24. Rd1 Qf3 25. Rf4 Qd5 26. f3 Rc2 27. Kxh1
Rxb2 28. Ra1 Re8 29. Qc1 Rxa2 30. Rxa2 Qxa2 31. Re4 Rf8 32. Qc5 Kg8 33. Qxb5 g6
34. Re8 Qa1+ 35. Kg2 Qxd4 36. Re7 Rc8 37. Qb3 Rc4 38. Qb8+ Kg7 39. Qxa7 Qd2+
40. Qf2 Qc1 41. Re1 Qg5 42. Qb2+ Qf6 43. Qxf6+ Kxf6 44. f4 Rc5 45. Re2 Kf5 46.
h3 h5 47. Kf3 g5 48. g4+ Kg6 49. fxg5 Kxg5 50. gxh5 Kxh5 51. Kg2 Rc3 52. Rf2
Kg6 53. Rf3 Rc2+ 54. Kg3 f5 55. h4 Rc5 56. Kf4 Kh5 57. Kg3 Ra5 58. Rf1 Ra3+ 59.
Rf3 Ra5 1/2-1/2

[Event "SUI-ch U10"]
[Site "Kreuzlingen"]
[Date "2016.07.02"]
[Round "6.2"]
[White "Doetsch-Thaler, Nicos"]
[Black "Kostov, Deyan Samuil"]
[Result "0-1"]
[WhiteElo "1460"]
[BlackElo "1693"]
[PlyCount "118"]
[EventDate "2016.??.??"]

1. e4 c5 2. Nf3 e6 3. d4 cxd4 4. Nxd4 Nf6 5. Nc3 Nc6 6. Bg5 Bb4 7. Nxc6 bxc6 8.
e5 Qa5 9. Bd2 Qxe5+ 10. Be2 d5 11. O-O O-O 12. a3 Be7 13. Re1 Qc7 14. Bd3 Bd6
15. h3 e5 16. Bg5 Be7 17. Bxf6 Bxf6 18. Qd2 Rb8 19. Reb1 Re8 20. Ra2 e4 21. Bf1
d4 22. Ne2 Be6 23. Raa1 e3 24. fxe3 dxe3 25. Qe1 Bxb2 26. Rxb2 Rxb2 27. Qc1 Qb6
28. Kh1 Rb8 29. Nc3 Qd4 30. Nd1 R2b6 31. Nxe3 g6 32. Bd3 Qxa1 33. Qxa1 Rb1+ 34.
Qxb1 Rxb1+ 35. Kh2 Ra1 36. Kg3 Rxa3 37. Kf4 a5 38. Ke4 a4 39. Kd4 Ra1 40. Kc3
a3 41. Nc4 Bxc4 42. Bxc4 Rg1 43. Kb3 Rxg2 44. Kxa3 Rxc2 45. Kb3 Rxc4 46. Kxc4
f5 47. Kd4 g5 48. Ke5 f4 49. Ke4 c5 50. Kd5 f3 51. Kxc5 f2 52. Kd5 f1=Q 53. Kd4
Qf5 54. h4 gxh4 55. Kc4 h3 56. Kd4 h2 57. Kc4 h1=R 58. Kd4 Rh4+ 59. Kc3 Qf3+
0-1

[Event "SUI-ch U10"]
[Site "Kreuzlingen"]
[Date "2016.07.02"]
[Round "6.3"]
[White "Spichtig, Elija"]
[Black "Papaux, Steve"]
[Result "0-1"]
[WhiteElo "1495"]
[BlackElo "1478"]
[PlyCount "60"]
[EventDate "2016.??.??"]

1. e4 e5 2. Nf3 Nc6 3. Bc4 Bc5 4. O-O Nf6 5. d4 Bxd4 6. Nxd4 Nxd4 7. Nc3 O-O 8.
Bg5 c6 9. Qd3 h6 10. Bh4 d6 11. f4 exf4 12. Qxd4 g5 13. Bf2 b5 14. Bd3 c5 15.
Qxf6 Qxf6 16. Nd5 Qxb2 17. Rfb1 Qe5 18. Re1 c4 19. Be2 Qxe4 20. Bf3 Qxc2 21.
Ne7+ Kh8 22. Bd4+ f6 23. Bxa8 Bf5 24. Bf3 g4 25. Bd1 Qd2 26. Bf2 Re8 27. Kf1
Bd3+ 28. Kg1 h5 29. Bxg4 hxg4 30. Rad1 Qc2 0-1

[Event "SUI-ch U10"]
[Site "Kreuzlingen"]
[Date "2016.07.02"]
[Round "6.4"]
[White "Waser, Timon"]
[Black "Dueck, Maximilian"]
[Result "1-0"]
[WhiteElo "1443"]
[BlackElo "1357"]
[PlyCount "31"]
[EventDate "2016.??.??"]

1. d4 Nf6 2. Nc3 g6 3. e4 d6 4. Nf3 Bg7 5. Be3 O-O 6. Qd2 c6 7. O-O-O d5 8. e5
Ne8 9. Bh6 Bxh6 10. Qxh6 f6 11. h4 fxe5 12. Ng5 Nf6 13. dxe5 Rf7 14. exf6 Rxf6
15. Qxh7+ Kf8 16. Qh8# 1-0

[Event "SUI-ch U10"]
[Site "Kreuzlingen"]
[Date "2016.07.03"]
[Round "7.1"]
[White "Dueck, Maximilian"]
[Black "Gamsa, Clemens"]
[Result "0-1"]
[WhiteElo "1357"]
[BlackElo "1634"]
[PlyCount "102"]
[EventDate "2016.??.??"]

1. e4 e5 2. Nf3 Nc6 3. Bb5 a6 4. Ba4 Nf6 5. O-O b5 6. Bb3 Bb7 7. Ng5 d5 8. exd5
Nxd5 9. Nf3 Bc5 10. c3 O-O 11. d4 exd4 12. cxd4 Bb6 13. Re1 Qd6 14. Nc3 Nf6 15.
Bg5 Nxd4 16. Bxf6 Qxf6 17. Nxd4 Bxd4 18. Qc2 Qg5 19. g3 c5 20. a4 c4 21. Ba2
Bxc3 22. Qxc3 Qd5 23. f3 Qxf3 24. Qxf3 Bxf3 25. axb5 axb5 26. b4 Ra4 27. Bb1
Rxa1 28. Bxh7+ Kxh7 29. Rxa1 c3 30. Rc1 Rc8 31. Kf2 Be4 32. Ke3 Bg6 33. h4 c2
34. Kd2 Kh6 35. g4 Rc4 36. h5 Bh7 37. g5+ Kxg5 38. Ke2 Rxb4 39. Kd2 Rb1 40.
Rxc2 Bxc2 41. Kxc2 Rg1 42. Kb2 Kxh5 43. Kb3 f5 44. Kb4 f4 45. Kc3 f3 46. Kd2 f2
47. Kc3 f1=Q 48. Kb4 Qc1 49. Kxb5 Rg2 50. Ka4 Qb1 51. Ka3 Ra2# 0-1

[Event "SUI-ch U10"]
[Site "Kreuzlingen"]
[Date "2016.07.03"]
[Round "7.2"]
[White "Papaux, Steve"]
[Black "Waser, Timon"]
[Result "1-0"]
[WhiteElo "1478"]
[BlackElo "1443"]
[PlyCount "131"]
[EventDate "2016.??.??"]

1. e4 e5 2. Nf3 Nc6 3. d4 exd4 4. Nxd4 Nxd4 5. Qxd4 Nf6 6. Bc4 b6 7. O-O Bc5 8.
Qe5+ Qe7 9. Qxe7+ Bxe7 10. Nc3 O-O 11. Bg5 Re8 12. Rfe1 Bb7 13. Rad1 d6 14. e5
dxe5 15. Rxe5 Bd6 16. Ree1 Nd7 17. Nb5 Rxe1+ 18. Rxe1 Bc5 19. Nxc7 Rc8 20. Re8+
Rxe8 21. Nxe8 Bd4 22. Nd6 Ne5 23. Nxb7 Nxc4 24. b3 Na3 25. c4 f6 26. Be3 Bxe3
27. fxe3 Nc2 28. Kf2 Kf7 29. Nd6+ Ke6 30. Nc8 Nb4 31. Nxa7 Nxa2 32. Nc8 Nc1 33.
Nxb6 Nxb3 34. Ke2 Kd6 35. Kd3 f5 36. Kc3 Kc6 37. Kxb3 Kxb6 38. Kb4 Kc6 39. c5
g5 40. Kc4 h5 41. g3 h4 42. gxh4 gxh4 43. h3 Kc7 44. Kd5 Kd7 45. Ke5 Kc6 46.
Kxf5 Kxc5 47. Kg4 Kd5 48. Kxh4 Ke4 49. Kg5 Ke5 50. h4 Ke6 51. h5 Kf7 52. h6 Kg8
53. Kg6 Kh8 54. e4 Kg8 55. e5 Kf8 56. h7 Ke7 57. h8=Q Ke6 58. Qf6+ Kd5 59. Kf5
Kd4 60. Qc6 Ke3 61. Qc4 Kd2 62. Qb3 Kc1 63. Qa2 Kd1 64. Ke4 Kc1 65. Kd3 Kd1 66.
Qb1# 1-0

[Event "SUI-ch U10"]
[Site "Kreuzlingen"]
[Date "2016.07.03"]
[Round "7.3"]
[White "Kostov, Deyan Samuil"]
[Black "Spichtig, Elija"]
[Result "1-0"]
[WhiteElo "1693"]
[BlackElo "1495"]
[PlyCount "71"]
[EventDate "2016.??.??"]

1. e4 e5 2. Nf3 Nc6 3. d4 exd4 4. Nxd4 Nxd4 5. Qxd4 b6 6. Bc4 Bb7 7. Nc3 Bc5 8.
Qxg7 Qf6 9. Qxf6 Nxf6 10. f3 d6 11. Ke2 Nd7 12. Nd5 O-O-O 13. Be3 Bxe3 14. Nxe3
Ne5 15. Bb3 Rhf8 16. Rad1 Rd7 17. Rd2 Rg8 18. Kf2 Kb8 19. Rhd1 a6 20. Nc4 Rg5
21. Nxe5 Rxe5 22. Bd5 Bxd5 23. Rxd5 Rxd5 24. Rxd5 Kb7 25. Ke3 Kc8 26. Rh5 f6
27. g4 Rf7 28. Rf5 Kd7 29. g5 Ke6 30. gxf6 Rxf6 31. Rxf6+ Kxf6 32. f4 c5 33. c4
b5 34. b3 h5 35. cxb5 axb5 36. a4 1-0